000 00602nam a2200241Ia 4500
005 20260320201145.0
008 008 262003s9999 xx 000 0 eng d
037 _aEBOOK
040 _aCRL
040 _beng
040 _cCRL
041 _2eng
041 _aeng
084 _qCRL
100 _aColwell
245 4 _aThe Pentium Chronicles: The People, Passion, and Politics Behind Intel's Landmark Chips
260 _bIEEE
260 _c2006
856 _uhttps://ieeexplore.ieee.org/servlet/opac?bknumber=5989703
942 _cEBOOK
999 _c1719279
_d1719279